000
00272 a2200121 4500
001
79399
082
_a
848.4 DIC
090
_c
39593
_d
39593
100
_a
Dickens Charles
245
_a
Oliver Twist
_h
English
260
_a
England
_b
Penguim Books
_c
1994
300
_a
508p.
942
_a
NUST-CAE
_k
848.4 DIC
999
_c
314472
_d
314472